Wentani? (Record no. 104912)

MARC details
000 -LEADER
fixed length control field 00441nam a2200169 b 4500
003 - CONTROL NUMBER IDENTIFIER
control field 3228
005 - DATE AND TIME OF LATEST TRANSACTION
control field 20260310122120.0
008 - FIXED-LENGTH DATA ELEMENTS--GENERAL INFORMATION
fixed length control field 210816s9999 xx 000 0 und d
020 ## - INTERNATIONAL STANDARD BOOK NUMBER
International Standard Book Number 9781770094642
Qualifying information Paperback
040 ## - CATALOGING SOURCE
Original cataloging agency RDA
Transcribing agency 3228
082 ## - DEWEY DECIMAL CLASSIFICATION NUMBER
Classification number SWA KF BLOC
100 ## - MAIN ENTRY--PERSONAL NAME
Personal name BLOCH CAROLE
9 (RLIN) 506
245 #0 - TITLE STATEMENT
Title Wentani?
260 ## - PUBLICATION, DISTRIBUTION, ETC.
Place of publication, distribution, etc. Auckland Park:
Name of publisher, distributor, etc. Jacana media;
Date of publication, distribution, etc. 2007.
300 ## - PHYSICAL DESCRIPTION
Extent 24 Pages
Other physical details Colour illustrations
Dimensions 17 cm
942 ## - ADDED ENTRY ELEMENTS
item type Books
Source of classification or shelving scheme Dewey Decimal Classification
-- 377
-- Lungile Vilakazi
Holdings
Withdrawn status Lost status Damaged status Not for loan Home library Current library Date acquired Cost, normal purchase price Total Checkouts Barcode Date last seen Price effective from item type Source of classification or shelving scheme Shelving location Full call number Collection code
        LYDENBURG REGIONAL LIBRARY LYDENBURG (TOWN) 09.05.2024     33228031025466 09.05.2024 09.05.2024 Books Dewey Decimal Classification Fiction SWA KF BLOC  
        Masoyi Masoyi 17.08.2021 57.00   33228023789553 17.08.2021 17.08.2021 Books        
        Milan Park Milan Park 10.03.2026     024 380 10.03.2026 10.03.2026 Books Dewey Decimal Classification Children's Area SWA KF BLOC Nursery
        LYDENBURG REGIONAL LIBRARY Mkhuhlu 03.09.2024     33228031106803 03.09.2024 03.09.2024 Books Dewey Decimal Classification   SWA KF BLOC  
        LYDENBURG REGIONAL LIBRARY Sabie Public Library (Closed for renovations) 20.05.2024     33228031025480 20.05.2024 20.05.2024 Books Dewey Decimal Classification Fiction SWA KF BLOC